La guerra contra las drogas en América Latina (Registro nro. 320042)

Detalles MARC
000 -ENCABEZADO
Número de control [NR] 01118nam a22002537a 4500
005 - FECHA Y HORA DE LA ÚLTIMA TRANSACCIÓN
control field 20211012133703.0
008 - DE LONGITUD FIJA DE DATOS DE ELEMENTOS - INFORMACIÓN GENERAL
Elementos de longitud fija [NR] 211012s2021 ck d|||gr|||| 00| 0 spa d
020 ## - NUMERO INTERNACIONAL NORMALIZADO PARA LIBROS [R]
Número Internacional Normalizado del libro [NR] 9789584296450
040 ## - FUENTE DE CATALOGACION [NR]
Agencia de catalogación original [NR] CO-BoUCM
Idioma de catalogación [NR] spa
Quien Cataloga Deissy Garcia
Quien Clasifica Deissy Garcia
041 0# - CODIGO DE IDIOMA [R]
Código de idioma para texto/pista de sonido o título separado [R] Español
245 03 - MENCION DE TITULO [NR]
Título [NR] La guerra contra las drogas en América Latina
Parte restante del título [NR] enfoques regionales de la interdicción aérea
Mención de responsabilidad, etc. [NR] edición Rodrigo Mezú, Alfredo Fernández de Lara Gaitán ; prólogo César Fernández de Lara
260 ## - PUBLICACION, DISTRIBUCION, ETC. (PIE DE IMPRENTA) [R]
Lugar de publicación, distribución, etc. [R] Bogotá
Nombre del editor, distribuidor, etc. [R] Planeta
Fecha de publicación, distribución, etc. [R] 2021
300 ## - DESCRIPCION FISICA [R]
Extensión [R] 256 páginas
Otros detalles físicos [NR] gráficas
504 ## - NOTA DE BIBLIOGRAFIA, ETC. [R]
Nota de bibliografía, etc. [NR] Incluye referencias bibliográficas
650 #7 - ASIENTO SECUNDARIO DE MATERIA - TERMINO TEMATICO [R]
9 (RLIN) 20085
Término temático o nombre geográfico como elemento de entrada [NR] Narcotráfico
Subdivisión general [R] Investigaciones
Subdivisión geográfica [R] América Latina
650 #7 - ASIENTO SECUNDARIO DE MATERIA - TERMINO TEMATICO [R]
9 (RLIN) 26292
Término temático o nombre geográfico como elemento de entrada [NR] Violencia y narcotráfico
650 #7 - ASIENTO SECUNDARIO DE MATERIA - TERMINO TEMATICO [R]
9 (RLIN) 8289
Término temático o nombre geográfico como elemento de entrada [NR] Abuso de substancias
Subdivisión geográfica [R] América Latina
651 ## - ASIENTO SECUNDARIO DE MATERIA - NOMBRE GEOGRAFICO [R]
Nombre geográfico [NR] América Latina
Subdivisión general [R] Fuerza aérea
-- Aviación militar
9 (RLIN) 106723
700 1# - ASIENTO SECUNDARIO - NOMBRE PERSONAL [R]
Nombre personal [NR] Mezú, Rodrigo
Término de relación [R] editor
9 (RLIN) 106724
700 1# - ASIENTO SECUNDARIO - NOMBRE PERSONAL [R]
Nombre personal [NR] Fernández de Lara Gaitán, Alfredo
Término de relación [R] editor
9 (RLIN) 106725
700 1# - ASIENTO SECUNDARIO - NOMBRE PERSONAL [R]
Nombre personal [NR] Fernández de Lara, César
Término de relación [R] prólogo
9 (RLIN) 106726
942 ## - ELEMENTOS DE ENTRADA AGREGADOS (KOHA)
Sistema de clasificación DEWEY
Tema principal Sociología
Tipo de ítem principal el descrito en 300a Libro
Edición 1
Clasificación 364.1
Parte restante de la signatura top. G934
Título oculto en OPAC No
Existencias
Signatura topográfica Código de barras Última vez visto Ejemplar Costo de reposición Price effective from Tipo de ítem Nota pública (OPAC) Perdido Sistema de clasificación Dañado No prestable Tipo de ítem específico Suprimido Ubicación habitual Ubicación actual Localización Fecha de creación Forma de adquisición Costo
364.1 G934 100168630 04/12/2025 Ej.1 26000.00 12/10/2021 Libro Spot Criminología e Investigación Criminal   DEWEY     Libro   Claustro Claustro 3er piso 12/10/2021 Donación 0.00
364.1 G934 100168631 04/12/2025 Ej.2 26000.00 12/10/2021 Libro Spot Criminología e Investigación Criminal   DEWEY     Libro   Claustro Claustro 3er piso 12/10/2021 Donación 0.00